000 00575 a2200193 4500
001 61088
005 20260407155902.0
008 260407a1975 arg spa d
003 AR-UNSa-BCEJYS
040 _aAR-UNSa-BCEJYS
_bspa
_cAR-UNSa-BCEJYS
080 _a35.077.3
_xProcedimiento administrativo (licitación pública...)
245 1 0 _aProcedimientos administrativos
264 1 _aBuenos Aires :
_bEdiciones Depalma
_c1975
300 _a54 p.
_c22 cm.
041 _aspa
942 _cBK
590 _aniveau_biblio:m niveau_hierar:0
100 1 _aArgentina [Leyes, etc.]
999 _c7213
_d7213